| Поле | Название | Значение |
| |
Тип записи |
a |
| |
Библиографический уровень |
m |
| 001 |
Контрольный номер |
RU/URAIT/588557 |
| 005 |
Дата корректировки |
20260429163712.9 |
| 008 |
Кодируемые данные |
260429s2026 RU y f j 000 0 rus u |
| 020 |
Индекс ISBN |
__ |
| a |
ISBN |
978-5-534-18427-3 |
| c |
Цена, тираж |
1279.00 |
| 040 |
Источник каталогиз. |
__ |
| a |
Служба первич. каталог. |
ИКО Юрайт |
| c |
Служба, преобразующая запись |
ИКО Юрайт |
| e |
Правила каталог. |
RCR |
| 041 |
Код языка издания |
__ |
| a |
Код языка текста |
rus |
| 044 |
Код страны публикации |
__ |
| a |
Код страны публикации |
RU |
| 080 |
Индекс УДК |
__ |
| a |
Индекс УДК |
004(075.8) |
| 084 |
Индекс другой классификации/Индекс ББК |
__ |
| 2 |
Источник индекса |
rubbk |
| a |
Индекс другой классификации/Индекс ББК |
16я73 |
| 100 |
Автор |
__ |
| a |
Автор |
Волк В. К. |
| q |
Полное имя |
Волк Владимир Константинович |
| 245 |
Заглавие |
__ |
| a |
Заглавие |
Информатика |
| b |
Продолж. заглавия |
учебник для вузов |
| c |
Ответственность |
В. К. Волк. |
| 250 |
Сведения об издании |
__ |
| g |
|
пер. и доп |
| a |
Основные сведения об издании |
2-е изд. |
| 256 |
Характеристики компьютерного файла |
__ |
| a |
Характеристики компьютерного файла |
Электрон. дан. |
| 260 |
Выходные данные |
__ |
| a |
Место издания |
Москва |
| b |
Издательство |
Юрайт |
| c |
Дата издания |
2026 |
| 300 |
Физическое описание |
__ |
| a |
Объем |
226 с |
| 440 |
Серия |
__ |
| a |
Серия |
Высшее образование |
| 500 |
Примечания |
__ |
| a |
Примечание |
URL: https://urait.ru/bcode/588557 (дата обращения: 29.04.2026). |
| 520 |
Аннотация |
__ |
| a |
Аннотация |
В курсе рассматриваются прикладные аспекты информатики: информация как объект управления и обработки в компьютерных системах, ее свойства и единицы измерения; методы двоичного кодирования информации и ее машинного представления; типовая структура и принципы функционирования программно-аппаратного комплекса простейшего компьютера и алгоритмы взаимодействия его компонентов. Также в курс включен практикум, содержащий сборник задач по каждому тематическому разделу с примерами решений, а также практические задания по экспериментальному исследованию типовых алгоритмов взаимодействия компонентов компьютера (файловая система, система обработки прерываний, клавиатура и видеосистема) и структур данных, обслуживающих эти алгоритмы. Соответствует актуальным требованиям федерального государственного образовательного стандарта высшего образования. Для студентов младших курсов ИТ-специальностей, изучающих информатику как профильную дисциплину, формирующую начальные представления о компьютерной системе обработки информации, в которой данные превращаются в информацию, информация — в знания, а знания — в понимание того, как следует использовать полученные информацию и знания. Может быть рекомендован преподавателям для подготовки курсов лекций, проведения практических и лабораторных занятий, формирования заданий для самостоятельной работы студентов. |
| 538 |
Прим. о системных особенностях |
__ |
| a |
Прим. о системных особенностях |
Режим доступа: Электронно-библиотечная система Юрайт, для авториз. пользователей |
| 653 |
Ключевые слова |
__ |
| a |
Ключевые слова |
Фундаментальные и теоретические основы информатики |
| 653 |
Ключевые слова |
__ |
| a |
Ключевые слова |
Компьютерные и информационные науки |
| 653 |
Ключевые слова |
__ |
| a |
Ключевые слова |
Информатика |
| 653 |
Ключевые слова |
__ |
| a |
Ключевые слова |
Информатика и информационные технологии |
| 653 |
Ключевые слова |
__ |
| a |
Ключевые слова |
Современные проблемы прикладной информатики |
| 653 |
Ключевые слова |
__ |
| a |
Ключевые слова |
Информатика и основы компьютерных технологий |
| 653 |
Ключевые слова |
__ |
| a |
Ключевые слова |
Проектирование центральных и периферийных устройств электронно-вычислительных средств |
| 653 |
Ключевые слова |
__ |
| a |
Ключевые слова |
Современные компьютерные платформы. Архитектура персональных ЭВМ. Периферийные устройства. Выбор варианта комплектации |
| 653 |
Ключевые слова |
__ |
| a |
Ключевые слова |
Интерфейсы периферийных устройств |
| 653 |
Ключевые слова |
__ |
| a |
Ключевые слова |
Информатика, в т.ч. современные информационные технологии |
| 653 |
Ключевые слова |
__ |
| a |
Ключевые слова |
Информатика и информационные технологии в профессиональной деятельности |
| 653 |
Ключевые слова |
__ |
| a |
Ключевые слова |
Основы информатики |
| 653 |
Ключевые слова |
__ |
| a |
Ключевые слова |
Компьютерные технологии и информатика |
| 653 |
Ключевые слова |
__ |
| a |
Ключевые слова |
Информатика и современные информационные технологии |
| 653 |
Ключевые слова |
__ |
| a |
Ключевые слова |
Прикладная информатика |
| 653 |
Ключевые слова |
__ |
| a |
Ключевые слова |
Введение в информатику |
| 653 |
Ключевые слова |
__ |
| a |
Ключевые слова |
Прикладные аспекты информатики |
| 653 |
Ключевые слова |
__ |
| a |
Ключевые слова |
Методология прикладной информатики и методы исследований |
| 653 |
Ключевые слова |
__ |
| a |
Ключевые слова |
Электронные вычислительные машины и периферийные устройства |
| 653 |
Ключевые слова |
__ |
| a |
Ключевые слова |
Информатика и цифровые технологии |
| 653 |
Ключевые слова |
__ |
| a |
Ключевые слова |
Конфигурирование компьютеров и периферийных устройств |
| 653 |
Ключевые слова |
__ |
| a |
Ключевые слова |
Информатика, современные информационные технологии |
| 653 |
Ключевые слова |
__ |
| a |
Ключевые слова |
Техническое и программное обслуживание ЭВМ и периферийных устройств |
| 653 |
Ключевые слова |
__ |
| a |
Ключевые слова |
Информатика и компьютерные технологии |
| 653 |
Ключевые слова |
__ |
| a |
Ключевые слова |
Корректирующий курс по информатике |
| 653 |
Ключевые слова |
__ |
| a |
Ключевые слова |
Компьютерные интерфейсы и периферийные устройства |
| 653 |
Ключевые слова |
__ |
| a |
Ключевые слова |
Введение в прикладную информатику |
| 653 |
Ключевые слова |
__ |
| a |
Ключевые слова |
Информатика и ИКТ |
| 653 |
Ключевые слова |
__ |
| a |
Ключевые слова |
Информатика и современные компьютерные технологии |
| 653 |
Ключевые слова |
__ |
| a |
Ключевые слова |
Актуальные проблемы прикладной информатики |
| 653 |
Ключевые слова |
__ |
| a |
Ключевые слова |
Периферийные устройства и стандартные интерфейсы |
| 653 |
Ключевые слова |
__ |
| a |
Ключевые слова |
Информатика и ИТ |
| 653 |
Ключевые слова |
__ |
| a |
Ключевые слова |
Архитектура ПК и периферийные устройства |
| 653 |
Ключевые слова |
__ |
| a |
Ключевые слова |
Информатика и основы информационных технологий |
| 653 |
Ключевые слова |
__ |
| a |
Ключевые слова |
Современные проблемы и методы прикладной информатики |
| 653 |
Ключевые слова |
__ |
| a |
Ключевые слова |
Архитектура и периферийные устройства информационно-управляющих комплексов |
| 653 |
Ключевые слова |
__ |
| a |
Ключевые слова |
Введение в направление прикладная информатика |
| 653 |
Ключевые слова |
__ |
| a |
Ключевые слова |
История и методология прикладной информатики |
| 653 |
Ключевые слова |
__ |
| a |
Ключевые слова |
Информатика и информационные профессиональные технологии |
| 653 |
Ключевые слова |
__ |
| a |
Ключевые слова |
Периферийные устройства и интерфейсы |
| 653 |
Ключевые слова |
__ |
| a |
Ключевые слова |
Информатика и информационные технологии в профессиональной деятельности (лабораторный практикум) |
| 653 |
Ключевые слова |
__ |
| a |
Ключевые слова |
Стандарты прикладной информатики |
| 653 |
Ключевые слова |
__ |
| a |
Ключевые слова |
Периферийные устройства персонального компьютера |
| 653 |
Ключевые слова |
__ |
| a |
Ключевые слова |
Современные промышленные программные пакеты |
| 653 |
Ключевые слова |
__ |
| a |
Ключевые слова |
Разработка и реализация интерфейсов управления периферийными устройствами |
| 653 |
Ключевые слова |
__ |
| a |
Ключевые слова |
Прикладные задачи информатики |
| 653 |
Ключевые слова |
__ |
| a |
Ключевые слова |
Методология прикладной информатики |
| 653 |
Ключевые слова |
__ |
| a |
Ключевые слова |
Электронно-вычислительные машины и периферийные устройства |
| 653 |
Ключевые слова |
__ |
| a |
Ключевые слова |
Информационные технологии (информатика) |
| 653 |
Ключевые слова |
__ |
| a |
Ключевые слова |
Информатика и ИКТ в ПД |
| 653 |
Ключевые слова |
__ |
| a |
Ключевые слова |
ЭВМ, периферийные устройства и сети |
| 653 |
Ключевые слова |
__ |
| a |
Ключевые слова |
Периферийные устройства вычислительной техники |
| 653 |
Ключевые слова |
__ |
| a |
Ключевые слова |
Периферийные устройства вычислительных систем |
| 856 |
Электронный адрес документа |
40 |
| n |
Местонахождение сервера |
Юрайт |
| g |
|
Электронная книга |
| q |
Тип электронного формата |
html |
| h |
Имя пользователя |
ЮРАЙТ |
| v |
Часы доступа к ресурсу |
20271231 |
| 2 |
Способ доступа |
Показать документ |
| x |
Служебное примечание |
https://urait.ru/book/cover/F7BE2B11-0698-4C37-9F71-7C4B5F65AE28 |
| u |
URL |
https://urait.ru/bcode/588557 |
| 856 |
Электронный адрес документа |
48 |
| q |
Тип электронного формата |
cover |
| u |
URL |
https://urait.ru/book/cover/F7BE2B11-0698-4C37-9F71-7C4B5F65AE28 |
| 911 |
|
__ |
| u |
|
0030=https://urait.ru/bcode/588557 |
| 911 |
|
__ |
| u |
|
073a=9785534184273 |
| u |
|
073d=1279.00 |
| 911 |
|
__ |
| u |
|
106a=s |
| 911 |
|
__ |
| u |
|
900l= |
| 952 |
Тип литературы |
__ |
| i |
Дисциплина |
Информатика |
| 952 |
Тип литературы |
__ |
| i |
Дисциплина |
Информатика и информационные технологии |
| 952 |
Тип литературы |
__ |
| i |
Дисциплина |
Современные проблемы прикладной информатики |
| 952 |
Тип литературы |
__ |
| i |
Дисциплина |
Информатика и основы компьютерных технологий |
| 952 |
Тип литературы |
__ |
| i |
Дисциплина |
Проектирование центральных и периферийных устройств электронно-вычислительных средств |
| 952 |
Тип литературы |
__ |
| i |
Дисциплина |
Современные компьютерные платформы. Архитектура персональных ЭВМ. Периферийные устройства. Выбор варианта комплектации |
| 952 |
Тип литературы |
__ |
| i |
Дисциплина |
Интерфейсы периферийных устройств |
| 952 |
Тип литературы |
__ |
| i |
Дисциплина |
Информатика, в т.ч. современные информационные технологии |
| 952 |
Тип литературы |
__ |
| i |
Дисциплина |
Информатика и информационные технологии в профессиональной деятельности |
| 952 |
Тип литературы |
__ |
| i |
Дисциплина |
Основы информатики |
| 952 |
Тип литературы |
__ |
| i |
Дисциплина |
Компьютерные технологии и информатика |
| 952 |
Тип литературы |
__ |
| i |
Дисциплина |
Информатика и современные информационные технологии |
| 952 |
Тип литературы |
__ |
| i |
Дисциплина |
Прикладная информатика |
| 952 |
Тип литературы |
__ |
| i |
Дисциплина |
Введение в информатику |
| 952 |
Тип литературы |
__ |
| i |
Дисциплина |
Прикладные аспекты информатики |
| 952 |
Тип литературы |
__ |
| i |
Дисциплина |
Методология прикладной информатики и методы исследований |
| 952 |
Тип литературы |
__ |
| i |
Дисциплина |
Электронные вычислительные машины и периферийные устройства |
| 952 |
Тип литературы |
__ |
| i |
Дисциплина |
Информатика и цифровые технологии |
| 952 |
Тип литературы |
__ |
| i |
Дисциплина |
Конфигурирование компьютеров и периферийных устройств |
| 952 |
Тип литературы |
__ |
| i |
Дисциплина |
Информатика, современные информационные технологии |
| 952 |
Тип литературы |
__ |
| i |
Дисциплина |
Техническое и программное обслуживание ЭВМ и периферийных устройств |
| 952 |
Тип литературы |
__ |
| i |
Дисциплина |
Информатика и компьютерные технологии |
| 952 |
Тип литературы |
__ |
| i |
Дисциплина |
Корректирующий курс по информатике |
| 952 |
Тип литературы |
__ |
| i |
Дисциплина |
Компьютерные интерфейсы и периферийные устройства |
| 952 |
Тип литературы |
__ |
| i |
Дисциплина |
Введение в прикладную информатику |
| 952 |
Тип литературы |
__ |
| i |
Дисциплина |
Информатика и ИКТ |
| 952 |
Тип литературы |
__ |
| i |
Дисциплина |
Информатика и современные компьютерные технологии |
| 952 |
Тип литературы |
__ |
| i |
Дисциплина |
Актуальные проблемы прикладной информатики |
| 952 |
Тип литературы |
__ |
| i |
Дисциплина |
Периферийные устройства и стандартные интерфейсы |
| 952 |
Тип литературы |
__ |
| i |
Дисциплина |
Информатика и ИТ |
| 952 |
Тип литературы |
__ |
| i |
Дисциплина |
Архитектура ПК и периферийные устройства |
| 952 |
Тип литературы |
__ |
| i |
Дисциплина |
Информатика и основы информационных технологий |
| 952 |
Тип литературы |
__ |
| i |
Дисциплина |
Современные проблемы и методы прикладной информатики |
| 952 |
Тип литературы |
__ |
| i |
Дисциплина |
Архитектура и периферийные устройства информационно-управляющих комплексов |
| 952 |
Тип литературы |
__ |
| i |
Дисциплина |
Введение в направление прикладная информатика |
| 952 |
Тип литературы |
__ |
| i |
Дисциплина |
История и методология прикладной информатики |
| 952 |
Тип литературы |
__ |
| i |
Дисциплина |
Информатика и информационные профессиональные технологии |
| 952 |
Тип литературы |
__ |
| i |
Дисциплина |
Периферийные устройства и интерфейсы |
| 952 |
Тип литературы |
__ |
| i |
Дисциплина |
Информатика и информационные технологии в профессиональной деятельности (лабораторный практикум) |
| 952 |
Тип литературы |
__ |
| i |
Дисциплина |
Стандарты прикладной информатики |
| 952 |
Тип литературы |
__ |
| i |
Дисциплина |
Периферийные устройства персонального компьютера |
| 952 |
Тип литературы |
__ |
| i |
Дисциплина |
Современные промышленные программные пакеты |
| 952 |
Тип литературы |
__ |
| i |
Дисциплина |
Разработка и реализация интерфейсов управления периферийными устройствами |
| 952 |
Тип литературы |
__ |
| i |
Дисциплина |
Прикладные задачи информатики |
| 952 |
Тип литературы |
__ |
| i |
Дисциплина |
Методология прикладной информатики |
| 952 |
Тип литературы |
__ |
| i |
Дисциплина |
Электронно-вычислительные машины и периферийные устройства |
| 952 |
Тип литературы |
__ |
| i |
Дисциплина |
Информационные технологии (информатика) |
| 952 |
Тип литературы |
__ |
| i |
Дисциплина |
Информатика и ИКТ в ПД |
| 952 |
Тип литературы |
__ |
| i |
Дисциплина |
ЭВМ, периферийные устройства и сети |
| 952 |
Тип литературы |
__ |
| i |
Дисциплина |
Периферийные устройства вычислительной техники |
| 952 |
Тип литературы |
__ |
| i |
Дисциплина |
Периферийные устройства вычислительных систем |